Periodic Table Quiz - Statistics

General Stats
  • This quiz has been taken 28 times
  • The average score is 18 of 24
Answer Stats
Hint Answer % Correct
Mg Magnesium
100%
K Potassium
100%
C Carbon
96%
F Fluorine
96%
Au Gold
96%
N Nitrogen
96%
O Oxygen
96%
B Boron
93%
Ca Calcium
93%
I Iodine
93%
Mn Manganese
93%
S Sulfur
93%
Ne Neon
89%
P Phosphorus
85%
Pt Platinum
74%
Og Oganesson
63%
Mc Moscovium
56%
Sg Seaborgium
52%
Tc Technetium
52%
Md Mendelevium
48%
Rg Roentgenium
44%
Ds Darmstadtium
41%
Mt Meitnerium
41%
(Hard Part) Pr Praseodymium
41%
No matching quizzes found
Score Distribution
Percent of People with Each Score
Percentile by Number Answered
Your Score History
You have not taken this quiz